| 000 | 01076cam a22002895a 4500 | ||
|---|---|---|---|
| 001 | ssib018824763 | ||
| 003 | OSt | ||
| 005 | 20171220120345.0 | ||
| 008 | 920730t1991 gw a frb 001 0 eng d | ||
| 020 | _a9783527283149 (v. 4 : alk. paper) | ||
| 020 | _a3527283145 (v. 4 : alk. paper) | ||
| 020 | _a9781560811541 (v. 4 : alk. paper) | ||
| 020 | _a1560811544 (v. 4 : alk. paper) | ||
| 040 |
_aDNLM _cDNLM _dDNLM _dWaSeSS _dEG-ScBUE _beng |
||
| 082 | 0 | 4 |
_222 _a660.6 _bBIO |
| 245 | 0 | 0 |
_aBiotechnology : _ba multi-volume comprehensive treatise / _cedited by H.-J. Rehm and G. Reed in cooperation with A. Pühler and P. Stadler. |
| 250 | _a2nd, completely rev. ed. | ||
| 260 |
_aWeinheim : _bVCH, _cc.1991. |
||
| 300 |
_a1 v. : _bill. ; _c24 cm. |
||
| 504 | _aIncludes bibliographical references and index. | ||
| 505 | 2 | _av. 4. Measuring, modelling, and control / edited by K. Schüger. | |
| 650 | 7 |
_aBiotechnology. _2BUEsh _939645 |
|
| 653 |
_bGGEN _cDecember2017 |
||
| 700 | 1 |
_aRehm, Hans-Jürgen, _eeditor. |
|
| 700 | 1 |
_aReed, Gerald, _d1913-2008. _eeditor. |
|
| 942 | _2ddc | ||
| 999 |
_c25755 _d25727 |
||